LEADER 00909nam 2200277 450 001 9910371160303321 005 20200210172733.0 100 $a20200210d2016----u y0engy50 ba 101 0 $aita 102 $aIT 105 0 $a 00 200 1 $aSociologia del futuro$estudiare la società del ventunesimo secolo$fa cura di Fabio Corbisiero, Elisabetta Ruspini$gcon prefazione di John Urry ed introduzione di Paola Di Nicola 210 $aMilano$cCedam$d2016 215 $a306 p.$d22 cm 225 $aContemporanea$v3 610 0 $aSociologia$aTeoria$aSec. 21 610 0 $aMutamento sociale$aSec. 21 676 $a301.01$v22$zita 676 $a303.49$v22$zita 700 1$aCorbisiero,$bFabio$0290330 701 1$aRuspini,$bElisabetta$f<1964- >$0374633 912 $a9910371160303321 952 $a301.01 COR 1$b7049$fbfs 959 $aBFS 996 $aSociologia del futuro$91668541 997 $aUNINA LEADER 01074nam a2200301 i 4500 001 991000764929707536 005 20020507173305.0 008 961212s1971 it ||| | ita 035 $ab10754118-39ule_inst 035 $aLE01301980$9ExL 040 $aDip.to Matematica$beng 082 0 $a515.53 084 $aAMS 31-02 084 $aAMS 31-XX 084 $aAMS 31B05 100 1 $aPicone, Mauro$01611 245 10$aComplementi alla teoria delle funzioni armoniche /$cMauro Picone 260 $aRoma :$c1971 300 $a385 p. ;$c23 cm. 500 $aFotocopia del Capitolo V del trattato "Appunti di analisi Superiore". - Napoli : Rondinella, 1940 650 4$aHarmonic functions 650 4$aPotential theory 907 $a.b10754118$b21-09-06$c28-06-02 912 $a991000764929707536 945 $aLE013 31-XX PIC11 (1971)$g1$i2013000067483$lle013$o-$pE0.00$q-$rl$s- $t0$u1$v0$w1$x0$y.i10847832$z28-06-02 996 $aComplementi alla teoria delle funzioni armoniche$9380391 997 $aUNISALENTO 998 $ale013$b01-01-96$cm$da $e-$fita$git $h0$i1